Blahorečenia v roku 1998 20. september 1998 - Brescia (Taliansko)

Bibliographic Details
Format: Article
Language:Slovak
ISSN:1210-0676
Subjects:

MARC

LEADER 00000nab a2200000 a 4500
001 vtls000710240
003 SK-MaSNL
005 20260302195253.0
008 141006c1999 xo 0 slo
015 |a SNBRB2000/01-02416 
035 |a CLN000062407 
040 |a SNKBUCL  |b slo  |c SNKBUCL  |e AACR2 
041 0 |a slo 
044 |a xo  |c SK 
080 |a 235.3  |2 1997 
080 |a 929 Tovini, Jozef, bl.  |2 1997 
245 0 0 |a Blahorečenia v roku 1998  |b 20. september 1998 - Brescia (Taliansko) 
600 1 7 |a Tovini, Jozef  |c bl.  |d 1841-1897  |2 snkbucl  |9 916562 
655 7 |a články z novín a časopisov  |2 snkbucl  |9 267496 
773 0 |t Liturgia  |g Roč. 9, č. 2 (1999), s. 164  |x 1210-0676 
850 |a Slovenská národná knižnica v Martine 
852 |a SNK  |b KIS3GCP 
958 |a BC 
958 |a IT 
999 |c 1451925  |d 1453855